LEADER 01331nam a2200325 a 4500 001 000000125508 003 CaOOAMICUS 005 20110527135809.0 008 110527s2011 it u000 u ita r 020 $a978-88-430-5790-0 040 $aPUL$bita 082 04$a035 100 1 $aInglese, Giorgio.$0(OLS)http://pul/name/61482 245 10$aMetrica e retorica del Medioevo /$cGiorgio Inglese Raffaella Zanni. 260 $aRoma :$bCarocci,$c©2011. 300 $a143 p. ;$c22 cm. 490 1 $aQuality paperbacks ;$v346 504 $aBibliografia p. 131-139. 650 4$aMetrica e prosodia.$0(OLS)http://pul/subject/24954 650 4$aRetorica medievale e moderna.$0(OLS)http://pul/subject/30510 700 1 $aZanni, Raffaella.$0(OLS)http://pul/name/79458 830 0$aQuality paperbacks (Carocci) ;$v346.$0(OLS)http://pul/title/103487 850 $aPUL 852 $aPUL$W1$xDP2 Cons. Gen., Altre Classi 3$y97$m035 COLL 1.346$j144553$qDDC 21$B143581$CPULBib$Z2$F143581 $H116668 $82 941 1 $a9 996 $6020$a978-88-430-5790-0$9(OLS)http://pul/number/147366 996 $6082$a035$9(OLS)http://pul/classification/471 996 $6245$aMetrica e retorica del Medioevo$9(OLS)http://pul/title/158265 996 $6260$aRoma :$bCarocci$9(OLS)http://pul/publisher/66917 LEADER 01008nam a2200253 a 4500 001 000000143057 003 CaOOAMICUS 005 20150429103029.0 008 150429s1986 it 000 u ita r 020 $a88-311-5306-4 040 $aPUL$bita 100 1 $aAgresti, Giuliano.$0(OLS)http://pul/name/74469 245 10$aGemma Galgani :$britratto di una "espropriata" /$cGiuliano Agresti. 260 $aRoma :$bCittà Nuova,$c©1986. 300 $a151 p. ;$c20 cm 600 04$aGemma Galgani,$cs.,$d1878-1903.$0(OLS)http://pul/subject/1506 850 $aPUL 852 $aPUL$W1$xDP1 Religione 1$y20$m635 D 46$j165124$qStampati$B165389$CPULBib$Z2$F165389 $H55818 $82 941 1 $a8 960 $aGalgani, Gemma,$cs.,$d1878-1903$91506 996 $6020$a88-311-5306-4$9(OLS)http://pul/number/157423 996 $6245$aGemma Galgani :$britratto di una "espropriata"$9(OLS)http://pul/title/181046 996 $6260$aRoma :$bCittà Nuova$9(OLS)http://pul/publisher/47927 LEADER 00954nam a2200217 u 4500 001 000000109320 003 CaOOAMICUS 005 20080130123028.0 008 080130s1950 it u000 u ita u 040 $aPUL(R)$bita$dBc 100 1 $aCaizzi, Bruno.$0(OLS)http://pul/name/39235 245 10$aAntologia della questione meridionale /$cBruno Caizzi ; prefazione di Gaetano Salvemini. 260 $aMilano :$bEdizioni di Comunità,$c1950. 300 $a462 p. ;$c23 cm. 650 4$aQuestione meridionale.$0(OLS)http://pul/subject/6909 700 1 $aSalvemini, Gaetano,$d1873-1957.$0(OLS)http://pul/name/20622 850 $aPUL 852 $aPUL$W1$xDP1 Cons. Gen., Altre Classi 1$y22$m845 F 3$j124950$qStampati$B123682$CPULBib$Z2$F123682 $H15015 $82 941 1 $a8 996 $6245$aAntologia della questione meridionale$9(OLS)http://pul/title/74734 996 $6260$aMilano :$bEdizioni di Comunità$9(OLS)http://pul/publisher/48252